| 000 | 00455nam a2200169Ia 4500 | ||
|---|---|---|---|
| 005 | 20250923144510.0 | ||
| 008 | 008 250917s9999 xx 000 0 eng d | ||
| 037 | _aTextual | ||
| 040 |
_aDSWL _beng _cDSWL |
||
| 041 |
_aeng _2eng |
||
| 084 |
_aX:9V2:N45, J4 _qDSWL |
||
| 245 | 0 | _aFactory act 1948 | |
| 260 |
_aDelhi _bManager of Publications _c1954 |
||
| 300 | _avi,47p. | ||
| 942 |
_cTEXL _hX:9V2:N45, J4 |
||
| 999 |
_c1439675 _d1439675 |
||